000 00438nam a2200181Ia 4500
001 13576
005 20260306164811.0
008 260306t2018||||xx |||||||||||||| ||spa||
041 _aESP
082 _a004.678
_bP41
100 _aPenas Ibáñez, M. Azucena
_eAUT
245 0 _aEl cibertexto y el ciberlenguaje
260 _c2018
300 _a266 páginas :
_c23 cm.
650 _aGEN
654 _aCCC
942 _cLIB
_dJUS
_fJUS
_2ddc
_n
999 _c13576
_d13576